K efektívnej alokácii verejných projektov

Pokračovanie článku z predchádzajúceho čísla, o rozhodovaní a projektoch financovaných z prostriedkov finančnej pomoci z fondov Európskej únie.

Na minha lista:
Detalhes bibliográficos
Autor principal: Šabíková, Ingrid
Outros Autores: Čiernik, Anton
Formato: Capítulo de Livro
Idioma:eslovaco
Assuntos:
Tags: Adicionar Tag
Sem tags, seja o primeiro a adicionar uma tag!

MARC

LEADER 00000nla a2200000 4500
001 0190172
005 20240502073211.5
041 0 |a slo 
044 |a SK 
245 1 0 |a K efektívnej alokácii verejných projektov  |c Ingrid Šabíková 
520 |a Pokračovanie článku z predchádzajúceho čísla, o rozhodovaní a projektoch financovaných z prostriedkov finančnej pomoci z fondov Európskej únie. 
610 2 0 |a projekty 
610 2 0 |a financovanie 
610 2 0 |a zdroje finančné cudzie 
610 2 0 |a riadenie finančné 
610 2 0 |a rozhodovanie finančné 
610 2 0 |a analýza nákladov a výnosov 
610 2 0 |a fondy finančné 
610 2 0 |a fondy Európskej únie 
100 1 |a Šabíková, Ingrid 
700 1 |a Čiernik, Anton